| 000 | 00659nam a2200289Ia 4500 | ||
|---|---|---|---|
| 005 | 20260401122110.0 | ||
| 008 | 008 250103s9999 xx 000 0 eng d | ||
| 020 | _a0-86-819-2856 | ||
| 037 | _aTB | ||
| 040 | _aEDL | ||
| 040 | _beng | ||
| 040 | _cEDL | ||
| 041 | _2eng | ||
| 041 | _aeng | ||
| 084 | _aA822.3 FIT | ||
| 084 | _qEDL | ||
| 100 |
_aFitzpatrick, Peter _91232594 |
||
| 245 | 0 | _aStephen Sewell: Playwright as Revolutionary | |
| 245 | 0 | _cFitzpatrick, Peter | |
| 260 | _aSydney | ||
| 260 | _bCurrency Press | ||
| 260 | _c1991 | ||
| 942 | _cTB | ||
| 942 | _hA822.3 FIT | ||
| 999 |
_c1844900 _d1844900 |
||